Lịch sử nhà Nguyễn. Một cách tiếp cận mới

Một số yêu cầu về phương pháp luận trong nghiên cứu và dạy học lịch sử thời Nguyễn; Giới thiệu các vấn đề lịch sử thời Nguyễn và phương pháp giảng dậy môn này trong các trường phổ thông, đại học

Gespeichert in:
Bibliographische Detailangaben
Weitere Verfasser: Đinh Ngọc Bảo, Lương Ninh, Phan Ngọc Liên (b.s.), Văn Tạo, Trương Hữu Quýnh
Format: Buch
Sprache:Vietnamese
Veröffentlicht: H. Đại học Sư phạm 2005
Schlagworte:
Tags: Tag hinzufügen
Keine Tags, Fügen Sie den ersten Tag hinzu!
Thư viện lưu trữ: Mạng thư viện Đại học Đà Nẵng
LEADER 01495aam a22004218a 4500
001 000009984
003 6183
005 20111109161156.0
008 111107s2005 viesd
020 |c 96000đ  |d 1000b 
041 |a vie 
082 1 4 |2 14  |a 959.7029 
084 |a U426.30 
084 |b L302S 
084 |a U486 
245 |a Lịch sử nhà Nguyễn. Một cách tiếp cận mới  |c B.s.: Phan Ngọc Liên, Đỗ Thanh Bình, Nguyễn Ngọc Cơ 
260 |a H.  |b Đại học Sư phạm  |c 2005 
300 |a 719tr.  |c 21cm 
520 |a Một số yêu cầu về phương pháp luận trong nghiên cứu và dạy học lịch sử thời Nguyễn; Giới thiệu các vấn đề lịch sử thời Nguyễn và phương pháp giảng dậy môn này trong các trường phổ thông, đại học 
650 7 |2 Bộ TK TVQG  |a Phương pháp giảng dạy 
650 7 |2 Bộ TK TVQG  |a Đại học 
650 7 |2 Bộ TK TVQG  |a Lịch sử 
650 7 |2 Bộ TK TVQG  |a Nhà Nguyễn 
650 7 |2 Bộ TK TVQG  |a Phương pháp luận 
650 7 |2 Bộ TK TVQG  |a Trường phổ thông 
700 0 |a Đinh Ngọc Bảo 
700 0 |a Lương Ninh 
700 0 |a Phan Ngọc Liên  |e b.s. 
700 0 |a Văn Tạo 
700 0 |a Trương Hữu Quýnh 
OWN |a LSP 
999 |a From the UDN01 
TYP |a Monograph 
TYP |a Printed language 
980 |a Mạng thư viện Đại học Đà Nẵng